000 01060nam a22002057a 4500
999 _c61136
_d61136
005 20231221173111.0
008 231221s1991 ru ||||| |||| 00| 0 rus d
020 _a552000479X
041 _arus
080 _a94(395/398)(035) К-30
100 _aКачарава, Д. Д.
_920848
245 _aГорода и поселения Причерноморья античной эпохи :
_b(Малый энциклопедический справочник) /
_cД.Д. Качарава, Г.Т. Квирквелия ; Академия наук Грузии, Центр археологических исследований.
264 _aТбилиси :
_bМецниереба,
_c1991.
300 _a655 с.;
_b22 см.
653 _aდასახლებული პუნქტები
653 _aანტიკური შავიზღვისპირეთი
653 _aენციკლოპედიური ცნობარები.
700 _aКвирквелия, Г.
_eავტორი
_920849
942 _2udc
_cBK